Hình thái đá tai và một số đặc điểm sinh học của một số loài thuộc họ cá úc (Ariidae) phân bố ở tỉnh Trà Vinh : Luận văn tốt nghiệp cao học. Ngành: Quản lý và bảo vệ nguồn lợi thủy sản
Đề tài mô tả đặc điểm hình thái đá tai của các loài thuộc họ cá Úc (Ariidae), quan hệ tương quan giữa chiều dài và trọng lượng cá. Quan hệ tương đương giữa kích thước đá tai với chiều dài, trọng lượng thân cá của các loài cá thuộc họ...
Uloženo v:
| Hlavní autor: | |
|---|---|
| Médium: | Kniha |
| Jazyk: | Undetermined |
| Vydáno: |
Cần Thơ
Trường Đại học Cần Thơ
2012
|
| Témata: | |
| Tagy: |
Přidat tag
Žádné tagy, Buďte první, kdo otaguje tento záznam!
|
| Thư viện lưu trữ: | Trung tâm Học liệu Trường Đại học Cần Thơ |
|---|
| LEADER | 01498nam a2200217Ia 4500 | ||
|---|---|---|---|
| 001 | CTU_176005 | ||
| 008 | 210402s9999 xx 000 0 und d | ||
| 082 | |a 597.49 | ||
| 082 | |b Th523 | ||
| 088 | |a 606270 | ||
| 100 | |a Đỗ, Thị Thanh Thúy | ||
| 245 | 0 | |a Hình thái đá tai và một số đặc điểm sinh học của một số loài thuộc họ cá úc (Ariidae) phân bố ở tỉnh Trà Vinh : | |
| 245 | 0 | |b Luận văn tốt nghiệp cao học. Ngành: Quản lý và bảo vệ nguồn lợi thủy sản | |
| 245 | 0 | |c Đỗ Thị Thanh Thúy ; Hà Phước Hùng (Cán bộ hướng dẫn) | |
| 260 | |a Cần Thơ | ||
| 260 | |b Trường Đại học Cần Thơ | ||
| 260 | |c 2012 | ||
| 520 | |a Đề tài mô tả đặc điểm hình thái đá tai của các loài thuộc họ cá Úc (Ariidae), quan hệ tương quan giữa chiều dài và trọng lượng cá. Quan hệ tương đương giữa kích thước đá tai với chiều dài, trọng lượng thân cá của các loài cá thuộc họ cá úc. Phân tích một số đặc điểm sinh học (sinh sản) của một số loài cá thuộc họ cá Úc (Ariidae). | ||
| 650 | |a Aquaculture,Catfish fisheries,Nuôi trồng thủy sản,Thủy sản cá da trơn | ||
| 904 | |i Năm | ||
| 980 | |a Trung tâm Học liệu Trường Đại học Cần Thơ | ||